书目信息 |
| 题名: |
国际反腐败公约与国内司法制度问题研究
|
|
| 作者: | 欧斌 , 余丽萍 , 李广民 著 | |
| 分册: | ||
| 出版信息: | 北京 人民出版社 2007.09 |
|
| 页数: | 463页 | |
| 开本: | 21cm | |
| 丛书名: | ||
| 单 册: | ||
| 中图分类: | D523.4 | |
| 科图分类: | ||
| 主题词: | ||
| 电子资源: | ||
| ISBN: | 978-7-01-006424-6 | |
| 000 | 01228nam0 2200289 450 | |
| 001 | 012008473453 | |
| 005 | 20080526093954.09 | |
| 010 | @a978-7-01-006424-6@dCNY36.00 | |
| 100 | @a20080524d2007 em y0chiy0120 ea | |
| 101 | 0 | @achi |
| 102 | @aCN@b110000 | |
| 105 | @ay a 000yy | |
| 106 | @ar | |
| 200 | 1 | @a国际反腐败公约与国内司法制度问题研究@Aguo ji fan fu bai gong yue yu guo nei si fa zhi du wen ti yan jiu@d= Research on international anti-corruption convention and domestic judicial system issues@f欧斌, 余丽萍, 李广民著@Fou bin,yu li ping,li guang min zhu@zeng |
| 210 | @a北京@c人民出版社@d2007.09 | |
| 215 | @a463页@d21cm | |
| 300 | @a司法部2005年度法制建设与法学理论研究部级科研项目 | |
| 320 | @a有书目 (第457-463页) | |
| 330 | @a本书开展了国际反腐败公约与国内司法制度问题的研究, 对主要国家、国际组织的反腐败立法与实践进行了梳理。 | |
| 510 | 1 | @aResearch on international anti-corruption convention and domestic judicial system issues@zeng |
| 601 | 02 | @a联合国@Alian he guo@x廉政建设@x国际公约@x研究 |
| 690 | @aD523.4@v4 | |
| 701 | 0 | @a欧斌@Aou bin@4著 |
| 701 | 0 | @a余丽萍@Ayu li ping@4著 |
| 701 | 0 | @a李广民@Ali guang min@4著 |
| 801 | 0 | @aCN@bQSSK@c20080526 |
| 905 | @b713790-92@dD523.4@eO175@f3 | |
| 国际反腐败公约与国内司法制度问题研究= Research on international anti-corruption convention and domestic judicial system issues/欧斌, 余丽萍, 李广民著.-北京:人民出版社,2007.09 |
| 463页;21cm |
| 司法部2005年度法制建设与法学理论研究部级科研项目 |
| ISBN 978-7-01-006424-6:CNY36.00 |
| 本书开展了国际反腐败公约与国内司法制度问题的研究, 对主要国家、国际组织的反腐败立法与实践进行了梳理。 |
| ● |
| 相关链接 |
|
|
|
正题名:国际反腐败公约与国内司法制度问题研究
索取号:D523.4/O175
 
预约/预借
| 序号 | 登录号 | 条形码 | 馆藏地/架位号 | 状态 | 备注 |
| 1 | 713790 | 207137908 | 社科库509/509社科库 71排3列5层/ [索取号:D523.4/O175] | 在馆 | |
| 2 | 713791 | 207137917 | 社科库509/509社科库 71排3列5层/ [索取号:D523.4/O175] | 在馆 | |
| 3 | 713792 | 207137926 | 社科库509/509社科库 71排3列5层/ [索取号:D523.4/O175] | 在馆 |